00762cam a2200193Mu 450000500170000000800410001702000180005804000770007610000200015324500900017326000560026330000450031949000520036450400530041665000350046965000260050465000300053004100080056020170608111004.0150223s2015 enkd frb 001 0 eng d a9781138778542 aCO-BoUCMbspacJose A. GerenadJose A. Gerenad[Nuevo]d[Nuevo]d[Nuevo]1 aHudzik, John K.10aComprehensive InternationalizationbInstitutional pathways to successcJohn K. Hudzik aMilton Park (Abingdon, Inglaterra)bRoutledgec2015 axvii, 279 páginasbcuadros, gráficas1 aInternationalization in higher education series aIncluye referencias bibliográficas e índices 7aEducación y globalización  7aEducación superior  7aColegios y universidades  aeng